|
|
|
|
| LEADER |
00000cam a2200000 a 4500 |
| 001 |
UCF0536 |
| 003 |
CL-VaPUC |
| 005 |
20241121164936.0 |
| 008 |
120531e20120000CL |||||||||||||||||spa|d |
| 999 |
|
|
|c 347793
|d 347791
|
| 020 |
|
|
|a 9789561021952
|
| 040 |
|
|
|c Pontificia Universidad Católica de Valparaíso
|
| 082 |
0 |
4 |
|a 343.8304 CHI 2012
|2 21
|
| 110 |
1 |
|
|a Chile
|9 890760
|
| 245 |
1 |
0 |
|a Código tributario: edición oficial, aprobada por Decreto Exento N°3629, de 19 de agosto de 2011, del Ministerio de Justicia
|
| 250 |
|
|
|a Vigésima Quinta Edición.
|
| 260 |
|
|
|a Santiago, Chile:
|b Jurídica,
|c 2012
|
| 300 |
|
|
|a 615 páginas
|
| 505 |
|
|
|a -Título Preliminar. -Libro I. De la Administración, Fiscalización y Pago. -Libro II. De los Apremios y de las Infracciones y Sanciones. -Libro III. De la Competencia para conocer de los Asuntos Contenciosos Tributarios, de los Procedimientos y de la Prescripción. Apéndice: -Decreto con Fuerza de Ley N.º 3. Reglamento del sistema de Rol Único Tributario. -Decreto Supremo N.º 668. Fija normas sobre pago de obligaciones tributarias. -Ley N.º 18.320. Establece normas que incentivan el cumplimiento tributario. -Decreto Ley N.º 824. Aprueba texto que indica de la ley sobre Impuesto a la Renta. -Decreto Ley N.º 825. Impuesto a las Ventas y Servicios. -Decreto Supremo N.º 55. Reglamento de la Ley sobre Impuesto a las Ventas y Servicios. -Decreto Supremo N.º 348. Texto refundido aprobado por Decreto Supremo N.º 79, de 1991. -Decreto Ley N.º 3.475. Impuesto de Timbres y Estampillas. -Ley N.º 17.235. Sobre Impuesto Territorial. Texto refundido fijado por el Decreto con Fuerza de Ley N.º 1, de 1998. -Ley N.º 20.322. Fortalece y perfecciona la jurisdicción tributaria y aduanera. -Ley N.º 20.544. Regula el tratamiento tributario de los instrumentos derivados.
|
| 583 |
|
|
|a last modification
|c 20130308 08:05:27
|k Rodrigo Vera
|
| 650 |
1 |
|
|a Derecho tributario chileno
|9 485061
|
| 650 |
1 |
|
|a Código tributario
|9 350428
|
| 650 |
1 |
|
|a Impuestos tributarios
|9 501175
|
| 650 |
1 |
|
|a Jurisprudencia tributaria
|9 369427
|
| 942 |
|
|
|c BK
|2 ddc
|
| 945 |
|
|
|d 20120531 00:00:00
|a cmena
|
| 952 |
|
|
|0 0
|1 0
|4 0
|6 343_830400000000000_CHI_2012
|7 0
|8 R
|9 449415
|a BIBDER
|b BIBDER
|d 2019-11-22
|i 4872134
|o 343.8304 CHI 2012
|p 4872134
|r 2023-01-25
|w 2019-11-22
|y BK_R
|k DER
|
| 952 |
|
|
|0 0
|1 0
|4 0
|6 343_830400000000000_CHI_2012
|7 0
|8 R
|9 449416
|a BIBDER
|b BIBDER
|d 2019-11-22
|i 4872142
|o 343.8304 CHI 2012
|p 4872142
|r 2023-01-25
|w 2019-11-22
|y BK_R
|k DER
|